000 01081nam a22003377a 4500
003 CHAP
005 20220329133346.0
008 971013s1992 r 00010 d
010 _a5430
011 _a6402
035 _a5622
040 _cCHAP
082 _a663.2
_bS83 1992
100 0 0 _aSuárez Lepe, José Antonio.
_9110707
245 _aMicrobiología enológica
_b: fundamentos de vinificación
250 _a2 ed. rev.
260 _aMadrid :
_bMundi-Prensa,
_c1992
300 _a547 p.
_b: ilus.
500 _a57-74
590 _aBATCH-UPD
_b10
_c20130110
_lUCH01
_h0048
590 _aBATCH-UPD
_b10
_c20130110
_lUCH01
_h1128
590 _aBATCH-UPD
_b10
_c20130409
_lUCH01
_h2035
590 _aBATCH-UPD
_b10
_c20130410
_lUCH01
_h0717
590 _aBATCH-UPD
_b10
_c20130914
_lUCH01
_h1654
590 _aCONVERSION
_b10
_c20130109
_lUCH01
_h1304
650 1 4 _aVino
_xElaboración
_xMicrobiología.
_9119869
700 0 _aIñigo Leal, Baldomero.
_960272
901 _aBK
942 _cLIBRO
949 _a663.2 S83 1992
_bBC
_cLIBRO
_d33724000130936
_eLIBRO
_gI.165153
_i5622
_si
_t206.00
999 _c5430
_d5430